<?xml version="1.0" encoding="UTF-8"?>
<record
    xmlns:xsi="http://www.w3.org/2001/XMLSchema-instance"
    xsi:schemaLocation="http://www.loc.gov/MARC21/slim http://www.loc.gov/standards/marcxml/schema/MARC21slim.xsd"
    xmlns="http://www.loc.gov/MARC21/slim">

  <leader>00931nam a2200217 i 4500</leader>
  <controlfield tag="001">161204</controlfield>
  <controlfield tag="003">ES-MaACL</controlfield>
  <controlfield tag="005">20230906212221.0</controlfield>
  <controlfield tag="008">011025s1855    fr           |||| | fre d</controlfield>
  <datafield tag="040" ind1=" " ind2=" ">
    <subfield code="a">CAM </subfield>
    <subfield code="b">spa </subfield>
    <subfield code="c">CAM</subfield>
  </datafield>
  <datafield tag="100" ind1="0" ind2=" ">
    <subfield code="a">Federico Ozanam </subfield>
    <subfield code="c">Beato.</subfield>
    <subfield code="9">88069</subfield>
  </datafield>
  <datafield tag="245" ind1="1" ind2="4">
    <subfield code="a">Les germains avant le christianisme </subfield>
    <subfield code="b">: recherches sur les origines, les traditions, les institutions des peuples germaniques, et sur leur &#xE9;tablissement dasn l'empire romain / </subfield>
    <subfield code="c">A.F. Ozaman.</subfield>
  </datafield>
  <datafield tag="250" ind1=" " ind2=" ">
    <subfield code="a">2e &#xE9;d.</subfield>
  </datafield>
  <datafield tag="260" ind1=" " ind2=" ">
    <subfield code="a">Paris : </subfield>
    <subfield code="b">Jacques Lecoffre et c\pie\s &#xE9;diteurs, </subfield>
    <subfield code="c">1855 (</subfield>
    <subfield code="f">Imp. Simon Ra&#xE7;on et comp.)</subfield>
  </datafield>
  <datafield tag="300" ind1=" " ind2=" ">
    <subfield code="a">447 p. ; </subfield>
    <subfield code="c">22 cm.</subfield>
  </datafield>
  <datafield tag="490" ind1="1" ind2=" ">
    <subfield code="a">Oeuvres compl&#xE8;tes de A.F. Ozanam ; </subfield>
    <subfield code="v">3. </subfield>
    <subfield code="a">Etudes germaniques. 1</subfield>
  </datafield>
  <datafield tag="651" ind1=" " ind2="4">
    <subfield code="a">Alemania-</subfield>
    <subfield code="x">Historia-</subfield>
    <subfield code="y">Hasta 843.</subfield>
    <subfield code="9">164764</subfield>
  </datafield>
  <datafield tag="830" ind1="0" ind2=" ">
    <subfield code="a">Oeuvres compl&#xE8;tes de A.F. Ozanam ; </subfield>
    <subfield code="v">3. </subfield>
    <subfield code="a">Etudes germaniques. 1</subfield>
    <subfield code="9">222091</subfield>
  </datafield>
  <datafield tag="852" ind1=" " ind2=" ">
    <subfield code="a">ES-MaACL</subfield>
    <subfield code="j">G-8320 </subfield>
    <subfield code="z">- Enc. hol.</subfield>
  </datafield>
  <datafield tag="999" ind1=" " ind2=" ">
    <subfield code="c">161204</subfield>
    <subfield code="d">161204</subfield>
  </datafield>
  <datafield tag="952" ind1=" " ind2=" ">
    <subfield code="0">0</subfield>
    <subfield code="1">0</subfield>
    <subfield code="4">0</subfield>
    <subfield code="7">0</subfield>
    <subfield code="8">LIBXIX</subfield>
    <subfield code="a">ATENEOM</subfield>
    <subfield code="b">ATENEOM</subfield>
    <subfield code="c">SPP3</subfield>
    <subfield code="d">2008-01-17</subfield>
    <subfield code="e">SSC</subfield>
    <subfield code="l">0</subfield>
    <subfield code="o">G-8320</subfield>
    <subfield code="p">1168848</subfield>
    <subfield code="r">2023-02-23 00:00:00</subfield>
    <subfield code="w">2023-02-23</subfield>
    <subfield code="y">MONANT</subfield>
  </datafield>
</record>
